000 00202nam a2200097Ia 4500
008 190216s9999||||xx |||||||||||||| ||und||
100 _aMegamolove
245 0 _aIvan
260 _bRupa & Co.
942 _cBK
999 _c26637
_d26637